000 00471nam a2200157 a 4500
001 000026103
005 20200930024314.0
008 110301s1997 ck a 000 0 spa d
040 _aDO-SdBNP
_bspa
_cBNPHU
082 _axxxxx
_bM527m
100 1 _aMello, Anthony de
_950500
245 1 3 _aEl manantial :
_bejercicios espirituales /
_cAnthony de Mello.
260 _aSantafé de Bogotá :
_bEdiciones La verdad,
_c1997.
300 _a285 p. :
_bil. ;
_c21 cm.
049 _aBNGR
999 _c25595
_d25595